Statistika. 1

Hlavní autor: Pavlík, Zdeněk, 1931-2020
Jazyk: Čeština
Vydáno: Praha, 1977
Knihy
Uloženo v:
LEADER 00478nam a22001692a 4500
001 000177035
003 CZ BrMZK
005 19961101143423.0
007 ta
008 950101s1977 xr f cze d
040 |a BOA001  |b cze 
100 1 |a Pavlík, Zdeněk,  |d 1931-2020  |7 jk01092138 
245 1 0 |a Statistika.  |n 1 
260 |a Praha,  |c 1977 
910 |a BOA001  |b 4-0780.300,1 
990 |a BK 
996 7 |b 2619948987  |c 4-0780.300,1  |l MZK  |r Sklad / do 1 hodiny  |n 11  |w 000177035  |u 000010  |a 1  |e BOA001  |j MZK50  |s A